[Event "Chess Festival Groningen 2018 BC"]
[Site "Groningen, Netherlands"]
[Date "2018.12.24"]
[Round "4"]
[White "Ypma, Jord"]
[Black "Hillenkamp, Melchior"]
[Result "1/2-1/2"]
[WhiteElo "1840"]
[BlackElo "1637"]
[PlyCount "82"]
[EventDate "2018.12.??"]

1. d4 Nf6 2. Bf4 d5 3. e3 e6 4. Nf3 c5 5. c3 Nc6 6. Nbd2 c4 7. b3 b5 8. a4 b4
9. cxb4 c3 10. Nb1 Bxb4 11. Qc2 Ne4 12. Bb5 Bd7 13. O-O O-O 14. Bxc6 Bxc6 15.
Ne5 Bb7 16. f3 Nd2 17. Nd3 Nxf1 18. Nxb4 g5 19. Kxf1 gxf4 20. Nxc3 Qh4 21. Kg1
a5 22. Nd3 fxe3 23. Nb5 Ba6 24. g3 Qf6 25. Ne5 Rfc8 26. Qd3 Rab8 27. Nd7 Qg6
28. Qxg6+ hxg6 29. Nxb8 Rxb8 30. Re1 Bxb5 31. axb5 Rxb5 32. Rxe3 Rb4 33. Rd3 a4
34. bxa4 Rxa4 35. Rd2 Kf8 36. Kf2 Ra3 37. h4 Ke7 38. g4 Kf6 39. Kg3 Ra1 40. Kf4
Rh1 41. g5+ Ke7 1/2-1/2

[Event "Chess Festival Groningen 2018 BC"]
[Site "Groningen, Netherlands"]
[Date "2018.12.26"]
[Round "5"]
[White "De Jong, Mathijs"]
[Black "Muller, Kenneth"]
[Result "1-0"]
[WhiteElo "1967"]
[BlackElo "1805"]
[PlyCount "51"]
[EventDate "2018.12.??"]

1. d4 d5 2. c4 c6 3. cxd5 cxd5 4. Nc3 Nf6 5. f3 Bf5 6. Bg5 e6 7. e4 dxe4 8.
fxe4 Bxe4 9. Nxe4 Bb4+ 10. Nc3 Qa5 11. Bd2 Nc6 12. Bb5 O-O 13. Bxc6 bxc6 14.
Nf3 Qb6 15. O-O e5 16. Na4 Qa5 17. Bxb4 Qxb4 18. Nxe5 Rac8 19. a3 Qd6 20. Rc1
Rfd8 21. Kh1 Qxd4 22. Qxd4 Rxd4 23. Nxc6 Rb4 24. Ne7+ Kh8 25. Rxc8+ Ng8 26.
Rxg8# 1-0

[Event "Chess Festival Groningen 2018 BC"]
[Site "Groningen, Netherlands"]
[Date "2018.12.26"]
[Round "5"]
[White "Hassing, Bert"]
[Black "Rassolyrad, Farid"]
[Result "0-1"]
[WhiteElo "1510"]
[BlackElo "1309"]
[PlyCount "47"]
[EventDate "2018.12.??"]

1. c4 c5 2. g3 Nc6 3. Bg2 g6 4. Nc3 Bg7 5. Nf3 Nf6 6. d3 d5 7. cxd5 Nxd5 8.
Nxd5 Qxd5 9. O-O O-O 10. e4 Qd8 11. a3 e6 12. Rb1 b6 13. e5 Rb8 14. Re1 Ba6 15.
Bf1 Bb7 16. Bg5 Qd5 17. Bg2 Nxe5 18. Rxe5 Bxe5 19. Nh4 Qd7 20. Nf3 Bg7 21. Bf4
Rbd8 22. Ne5 Bxe5 23. Bxe5 Bxg2 24. Kxg2 0-1

[Event "Chess Festival Groningen 2018 BC"]
[Site "Groningen, Netherlands"]
[Date "2018.12.26"]
[Round "5"]
[White "Hillenkamp, Melchior"]
[Black "Den Boer, Paul"]
[Result "1-0"]
[WhiteElo "1637"]
[BlackElo "1907"]
[PlyCount "113"]
[EventDate "2018.12.??"]

1. d4 d5 2. c4 c6 3. Nf3 Nf6 4. Nc3 dxc4 5. e4 b5 6. a3 e6 7. Be2 Nbd7 8. O-O
Bb7 9. b3 cxb3 10. Qxb3 a6 11. a4 b4 12. a5 Rb8 13. e5 bxc3 14. exf6 Nxf6 15.
Qxc3 Nd5 16. Qc4 Bd6 17. Ba3 Bxa3 18. Rxa3 O-O 19. Ne5 Qd6 20. Rb3 Nf4 21. Bf3
f6 22. Nd3 Nxd3 23. Qxd3 e5 24. Qc4+ Kh8 25. dxe5 fxe5 26. Rfb1 Ba8 27. Qxa6
Rxb3 28. Rxb3 e4 29. Be2 Qf6 30. Qb6 e3 31. f3 Qa1+ 32. Rb1 Qa2 33. Kf1 c5 34.
a6 h6 35. Qb3 Qd2 36. Qd3 Qa5 37. Qxe3 c4 38. Bxc4 Qh5 39. Kg1 Re8 40. Qf2 Qg6
41. Rb6 Qg5 42. a7 Qc1+ 43. Bf1 Qc7 44. Qd4 Bc6 45. Qc5 Qxa7 46. Rxc6 Qxc5+ 47.
Rxc5 Re7 48. Bd3 g5 49. Rc6 Kg7 50. Rg6+ Kf7 51. Rxh6 Re5 52. Kf2 Ra5 53. Kg3
Ra3 54. Be4 Ra4 55. Rd6 Rb4 56. Rd5 Kf6 57. Rf5+ 1-0

[Event "Chess Festival Groningen 2018 BC"]
[Site "Groningen, Netherlands"]
[Date "2018.12.26"]
[Round "5"]
[White "Johnson, Matthew"]
[Black "Van der Hagen, Loek"]
[Result "1-0"]
[WhiteElo "2010"]
[BlackElo "1830"]
[PlyCount "75"]
[EventDate "2018.12.??"]

1. e4 c5 2. Nf3 d6 3. Nc3 Nf6 4. Bc4 e6 5. d3 Be7 6. O-O O-O 7. Re1 Nc6 8. a3
a6 9. h3 b5 10. Ba2 Bb7 11. Bf4 Re8 12. Ne2 d5 13. e5 Nd7 14. c3 Nb6 15. Rc1
Rc8 16. d4 Nc4 17. Qc2 b4 18. axb4 cxb4 19. Ng3 bxc3 20. bxc3 Na3 21. Qd2 Na5
22. Bg5 N5c4 23. Qf4 f6 24. exf6 Bxf6 25. Nh5 Bxg5 26. Nxg5 Qd7 27. Qg4 Kh8 28.
Nxe6 Qe7 29. Qxg7+ Qxg7 30. Nhxg7 Re7 31. Nf5 Rf7 32. Nh6 Re7 33. Nc5 Rxe1+ 34.
Rxe1 Rb8 35. Nf7+ Kg8 36. Re7 Kf8 37. Rc7 Bc8 38. Nh6 1-0

[Event "Chess Festival Groningen 2018 BC"]
[Site "Groningen, Netherlands"]
[Date "2018.12.26"]
[Round "5"]
[White "Karsdorp, Nico"]
[Black "Bous, Florian"]
[Result "0-1"]
[WhiteElo "1849"]
[BlackElo "1994"]
[PlyCount "62"]
[EventDate "2018.12.??"]

1. e4 c5 2. Nf3 d6 3. Bb5+ Bd7 4. c4 Bxb5 5. cxb5 a6 6. Nc3 Nf6 7. Qe2 e6 8. d4
Be7 9. O-O O-O 10. Rd1 Qb6 11. dxc5 dxc5 12. e5 Nfd7 13. a4 axb5 14. Nxb5 Rd8
15. Bg5 Nc6 16. Bxe7 Nxe7 17. Rd6 Qa5 18. Rad1 Nf8 19. Qd3 Nd5 20. Qe4 Rdc8 21.
Nd2 Qxa4 22. Qxa4 Rxa4 23. Nc3 Rd4 24. Ne2 Rb4 25. b3 Ng6 26. Nc4 Rxb3 27. g3
Kf8 28. h4 Rb4 29. Rc1 h5 30. f4 Nge7 31. Kf2 Nf5 0-1

[Event "Chess Festival Groningen 2018 BC"]
[Site "Groningen, Netherlands"]
[Date "2018.12.26"]
[Round "5"]
[White "Leentjens, Gilbert"]
[Black "Van Foreest, Nanne"]
[Result "0-1"]
[WhiteElo "1895"]
[BlackElo "1611"]
[PlyCount "60"]
[EventDate "2018.12.??"]

1. e3 e5 2. e4 Nc6 3. Nc3 Nf6 4. Nf3 Bc5 5. Nxe5 Nxe5 6. d4 Bxd4 7. Qxd4 Nc6 8.
Qe3 O-O 9. Bc4 Nb4 10. Qd2 Re8 11. f3 d5 12. Bb3 d4 13. Ne2 c5 14. c3 Nc6 15.
cxd4 cxd4 16. O-O Be6 17. Bxe6 fxe6 18. Nf4 e5 19. Nd3 Rc8 20. Qe2 Qb6 21. Bd2
Rc7 22. Rfc1 Rec8 23. b3 Nd7 24. Rc4 Na5 25. Rxc7 Rxc7 26. Rc1 Nc5 27. b4 Nxd3
28. bxa5 Nxc1 29. Bxc1 Qb1 30. Qf1 Qxc1 0-1

[Event "Chess Festival Groningen 2018 BC"]
[Site "Groningen, Netherlands"]
[Date "2018.12.26"]
[Round "5"]
[White "Martinez, Anna"]
[Black "Kosse, Lukas"]
[Result "1-0"]
[WhiteElo "1868"]
[BlackElo "1544"]
[PlyCount "51"]
[EventDate "2018.12.??"]

1. e4 e5 2. Nf3 Nc6 3. Bb5 d6 4. O-O Bd7 5. c3 Nf6 6. Re1 Be7 7. d4 exd4 8.
cxd4 O-O 9. h3 a6 10. Ba4 d5 11. e5 Ne4 12. Nc3 Nxc3 13. bxc3 b5 14. Bc2 Re8
15. a3 Be6 16. Nh2 g6 17. f4 Bf8 18. f5 Bxf5 19. Bxf5 gxf5 20. Qh5 Qd7 21. Rf1
Ne7 22. Bg5 Ng6 23. Bf6 Be7 24. Rxf5 Bf8 25. Ng4 Qc6 26. Nh6+ 1-0

[Event "Chess Festival Groningen 2018 BC"]
[Site "Groningen, Netherlands"]
[Date "2018.12.26"]
[Round "5"]
[White "Martinez, Sara"]
[Black "Rellum, Theo"]
[Result "1-0"]
[WhiteElo "1583"]
[BlackElo "1423"]
[PlyCount "73"]
[EventDate "2018.12.??"]

1. e4 d6 2. d4 Nf6 3. Nc3 g6 4. Bc4 Bg7 5. Nf3 Bg4 6. h3 Be6 7. Bxe6 fxe6 8.
Bf4 h6 9. h4 Nh5 10. Bh2 O-O 11. O-O Nd7 12. Qe2 Nf4 13. Qc4 Nb6 14. Qb3 d5 15.
e5 a6 16. Na4 Nxa4 17. Qxa4 b5 18. Qb4 Qe8 19. a4 c6 20. axb5 cxb5 21. Qd2 Qf7
22. Ra3 a5 23. Bxf4 Qxf4 24. Qxf4 Rxf4 25. Rfa1 a4 26. b3 Rc8 27. bxa4 bxa4 28.
R1a2 Rcf8 29. Rxa4 g5 30. hxg5 hxg5 31. Nxg5 Rxf2 32. Nf3 R2xf3 33. gxf3 Rxf3
34. Ra7 Rf7 35. R7a6 Bh6 36. R2a3 Be3+ 37. Rxe3 1-0

[Event "Chess Festival Groningen 2018 BC"]
[Site "Groningen, Netherlands"]
[Date "2018.12.26"]
[Round "5"]
[White "Neisingh, Nils"]
[Black "De Vries, Emma"]
[Result "0-1"]
[WhiteElo "1662"]
[BlackElo "1919"]
[PlyCount "70"]
[EventDate "2018.12.??"]

1. e4 e6 2. d4 d5 3. Nd2 Nf6 4. e5 Nfd7 5. Bd3 c5 6. c3 Nc6 7. Ne2 cxd4 8. cxd4
f6 9. exf6 Nxf6 10. Nf3 Bd6 11. O-O Qc7 12. Nc3 a6 13. Bg5 O-O 14. Qc2 Nb4 15.
Qe2 Nxd3 16. Qxd3 Bd7 17. Rfe1 Rae8 18. h3 Nh5 19. Ne5 Rf5 20. Nf3 Ref8 21.
Rac1 Qb8 22. Rc2 Qe8 23. Be3 Rxf3 24. gxf3 Rxf3 25. Qd1 Qg6+ 26. Kf1 Rxh3 27.
Ke2 Nf4+ 28. Kd2 b5 29. Rg1 Qd3+ 30. Kc1 Qxd1+ 31. Rxd1 Ng2 32. Re2 b4 33. Nb1
Bb5 34. Rc2 Nxe3 35. fxe3 Rxe3 0-1

[Event "Chess Festival Groningen 2018 BC"]
[Site "Groningen, Netherlands"]
[Date "2018.12.26"]
[Round "5"]
[White "Oord, Raymon"]
[Black "Hofstra, Tijmen"]
[Result "1-0"]
[WhiteElo "1911"]
[BlackElo "1706"]
[PlyCount "47"]
[EventDate "2018.12.??"]

1. d4 d5 2. Bf4 e6 3. e3 Bd6 4. Bg3 Nf6 5. Nd2 O-O 6. Bd3 Nc6 7. Ngf3 Re8 8.
Ne5 Nb4 9. Be2 c5 10. c3 Nc6 11. Bd3 Bxe5 12. dxe5 Nd7 13. h4 f5 14. exf6 Nxf6
15. e4 e5 16. exd5 Nxd5 17. Qc2 e4 18. Bxe4 Nf6 19. O-O-O Nxe4 20. Nxe4 Qa5 21.
Ng5 g6 22. Qb3+ Kg7 23. Qf7+ Kh6 24. Qxh7# 1-0

[Event "Chess Festival Groningen 2018 BC"]
[Site "Groningen, Netherlands"]
[Date "2018.12.26"]
[Round "5"]
[White "Sprik, Sander"]
[Black "Schwenke, Stefan"]
[Result "1/2-1/2"]
[WhiteElo "1911"]
[BlackElo "1737"]
[PlyCount "36"]
[EventDate "2018.12.??"]

1. e4 e6 2. d4 d5 3. Nc3 Nf6 4. Bg5 Be7 5. e5 Nfd7 6. Bxe7 Qxe7 7. f4 a6 8. Nf3
c5 9. dxc5 Qxc5 10. Qd2 b5 11. a3 Nc6 12. b4 Qb6 13. Bd3 Bb7 14. Qf2 Rc8 15.
Ne2 Qxf2+ 16. Kxf2 Nb6 17. Ned4 Nxd4 18. Nxd4 Na4 1/2-1/2

[Event "Chess Festival Groningen 2018 BC"]
[Site "Groningen, Netherlands"]
[Date "2018.12.26"]
[Round "5"]
[White "Torenbosch, Jorn"]
[Black "Wahrenberg, Ralf"]
[Result "1-0"]
[WhiteElo "1727"]
[BlackElo "1849"]
[PlyCount "89"]
[EventDate "2018.12.??"]

1. e4 d5 2. exd5 Qxd5 3. Nc3 Qa5 4. d4 c6 5. Nf3 Bf5 6. Ne5 Nd7 7. Qf3 g6 8.
Nxd7 Bxd7 9. Bc4 Nf6 10. Bd2 Qf5 11. Qxf5 Bxf5 12. O-O-O Bg7 13. f3 Bd7 14.
Rhe1 e6 15. Bf4 O-O-O 16. Be5 Ne8 17. Ne4 Bxe5 18. dxe5 Rf8 19. Rd2 Nc7 20. Bb3
Nd5 21. c4 Nb6 22. Red1 h5 23. a3 Kc7 24. Kc2 a5 25. Ba2 Kb8 26. Rd4 Kc7 27.
R1d3 Kc8 28. Kd2 Kc7 29. Ke3 Nc8 30. Kf4 Ne7 31. Nc5 Bc8 32. g4 hxg4 33. fxg4
Rxd4+ 34. Rxd4 Rh8 35. Kg3 Rd8 36. Rxd8 Kxd8 37. Ne4 Ng8 38. Kf4 b5 39. Nd6 Bd7
40. Nxf7+ Ke7 41. Nd6 Nh6 42. Bb1 Nf7 43. Nxf7 Kxf7 44. cxb5 cxb5 45. Kg5 1-0

[Event "Chess Festival Groningen 2018 BC"]
[Site "Groningen, Netherlands"]
[Date "2018.12.26"]
[Round "5"]
[White "Visser, Johan"]
[Black "Blom, Yeb"]
[Result "0-1"]
[WhiteElo "1739"]
[BlackElo "1989"]
[PlyCount "58"]
[EventDate "2018.12.??"]

1. a4 Nf6 2. Nf3 Nc6 3. d4 d5 4. Bf4 g6 5. h3 a6 6. g4 h5 7. g5 Ne4 8. Bg2 e6
9. Nbd2 Nxd2 10. Qxd2 Bb4 11. c3 Bd6 12. O-O Na5 13. Rae1 Nc4 14. Qc1 Bxf4 15.
Qxf4 Nxb2 16. Ne5 O-O 17. Bf3 Kg7 18. Qg3 Nxa4 19. e4 Nxc3 20. Bxh5 Nxe4 21.
Rxe4 dxe4 22. Nxg6 fxg6 23. Qe5+ Kh7 24. Qxe4 Qxg5+ 25. Bg4 Rf4 26. Qg2 Rxd4
27. Qg3 e5 28. Qb3 Rxg4+ 29. Kh1 Rf4 0-1

[Event "Chess Festival Groningen 2018 BC"]
[Site "Groningen, Netherlands"]
[Date "2018.12.26"]
[Round "5"]
[White "Waardenburg, Feline"]
[Black "Rupert, Casper"]
[Result "0-1"]
[WhiteElo "1763"]
[BlackElo "2055"]
[PlyCount "44"]
[EventDate "2018.12.??"]

1. d4 d5 2. c4 c6 3. Nf3 Nf6 4. Nc3 a6 5. e3 e6 6. Bd3 dxc4 7. Bxc4 b5 8. Bd3
Nbd7 9. O-O c5 10. b3 Bb7 11. Bb2 Be7 12. Rc1 O-O 13. Qe2 Qb6 14. Rfd1 cxd4 15.
Nxd4 Nc5 16. Bc2 Rfd8 17. Nb1 Rd5 18. Nd2 Rad8 19. Kh1 Rh5 20. Nxe6 Qxe6 21.
Bxf6 Qh3 22. Nf3 Bxf3 0-1

[Event "Chess Festival Groningen 2018 BC"]
[Site "Groningen, Netherlands"]
[Date "2018.12.27"]
[Round "6"]
[White "Baselmans, Daan"]
[Black "Husers, Yannic"]
[Result "0-1"]
[WhiteElo "1566"]
[BlackElo "1864"]
[PlyCount "42"]
[EventDate "2018.12.??"]

1. e4 e5 2. Nf3 Nc6 3. Bb5 f5 4. exf5 e4 5. Bxc6 dxc6 6. Ne5 Bxf5 7. Nc4 Nf6 8.
O-O Bc5 9. Nc3 O-O 10. Ne2 Ng4 11. Ne3 Qh4 12. Nxg4 Bxg4 13. Qe1 Rxf2 14. Rxf2
Rf8 15. Ng3 Rxf2 16. d4 exd3 17. Be3 Re2 18. Bxc5 Rxe1+ 19. Rxe1 d2 20. Re8+
Kf7 21. Rf8+ Kg6 0-1

[Event "Chess Festival Groningen 2018 BC"]
[Site "Groningen, Netherlands"]
[Date "2018.12.27"]
[Round "6"]
[White "Beukema, Constantijn"]
[Black "Ritter, Uwe"]
[Result "1-0"]
[WhiteElo "1680"]
[BlackElo "2014"]
[PlyCount "63"]
[EventDate "2018.12.??"]

1. e4 e5 2. Nf3 Nc6 3. d4 exd4 4. Nxd4 Nf6 5. Nc3 Bb4 6. Nxc6 bxc6 7. Bd3 d5 8.
O-O O-O 9. exd5 cxd5 10. Bg5 c6 11. Qf3 Bd6 12. Rfe1 Rb8 13. Rab1 h6 14. Bf4
Be6 15. Ne2 c5 16. Ng3 Bg4 17. Qe3 Re8 18. Qd2 Rxe1+ 19. Rxe1 Rxb2 20. h3 Bxf4
21. Qxf4 Be6 22. Nf5 c4 23. Bf1 Nh7 24. Qd4 Qf6 25. Ne7+ Kh8 26. Qxa7 Nf8 27.
Qc5 Rxc2 28. Nxd5 Qd8 29. Nb4 Nd7 30. Rd1 Qb8 31. Rxd7 Rb2 32. Nc6 1-0

[Event "Chess Festival Groningen 2018 BC"]
[Site "Groningen, Netherlands"]
[Date "2018.12.27"]
[Round "6"]
[White "Blom, Yeb"]
[Black "Achuthan, Dylan"]
[Result "1-0"]
[WhiteElo "1989"]
[BlackElo "1759"]
[PlyCount "61"]
[EventDate "2018.12.??"]

1. c4 e6 2. Nf3 c5 3. e3 Nf6 4. Be2 Nc6 5. O-O Be7 6. b3 O-O 7. Bb2 d5 8. d4
Ne4 9. dxc5 Bxc5 10. Nc3 Ne7 11. Qd3 f5 12. cxd5 Nf6 13. Qc4 Bd6 14. dxe6 b5
15. Nxb5 Bb7 16. Nxd6 Qxd6 17. Be5 Qb6 18. Bc7 Qc6 19. Qxc6 Bxc6 20. Bc4 Ne4
21. Rfd1 Rf6 22. Ne5 Bb7 23. Rd8+ Rf8 24. Rad1 Nf6 25. Rxf8+ Rxf8 26. Nd7 Re8
27. Nxf6+ gxf6 28. Bd8 Kf8 29. Bb5 Nc6 30. e7+ Kg7 31. Rd6 1-0

[Event "Chess Festival Groningen 2018 BC"]
[Site "Groningen, Netherlands"]
[Date "2018.12.27"]
[Round "6"]
[White "Haan, Gertjan"]
[Black "De Jong, Mathijs"]
[Result "1-0"]
[WhiteElo "1881"]
[BlackElo "1967"]
[PlyCount "83"]
[EventDate "2018.12.??"]

1. c4 Nc6 2. Nc3 e5 3. g3 b6 4. Bg2 Bb7 5. Nf3 Nd4 6. e3 Ne6 7. O-O d6 8. Ng5
Bxg2 9. Nxe6 fxe6 10. Kxg2 Nf6 11. d4 Be7 12. dxe5 dxe5 13. Qa4+ Qd7 14. Qxd7+
Kxd7 15. b3 a6 16. Bb2 Bd6 17. Rfd1 Ke7 18. Rac1 g5 19. Na4 Ne4 20. Kf3 Nc5 21.
Nxc5 bxc5 22. Ke4 Rhf8 23. Rc2 g4 24. Bxe5 Bxe5 25. Kxe5 Rf5+ 26. Ke4 Raf8 27.
Rcd2 Rh5 28. f4 gxf3 29. Rf2 Rhf5 30. Rc1 Rd8 31. Rcf1 Kf6 32. Rxf3 Rxf3 33.
Rxf3+ Ke7 34. Rf4 Rg8 35. g4 Rg7 36. h4 h6 37. Kf3 Rg6 38. e4 Rg5 39. hxg5 hxg5
40. Rf5 exf5 41. exf5 Kd7 42. Ke4 1-0

[Event "Chess Festival Groningen 2018 BC"]
[Site "Groningen, Netherlands"]
[Date "2018.12.27"]
[Round "6"]
[White "Huizinga, Egbert"]
[Black "Martinez, Anna"]
[Result "0-1"]
[WhiteElo "1760"]
[BlackElo "1868"]
[PlyCount "104"]
[EventDate "2018.12.??"]

1. e4 c5 2. Nf3 e6 3. d4 cxd4 4. Nxd4 a6 5. c4 Qc7 6. Nc3 d6 7. Be2 Nf6 8. O-O
Nbd7 9. Be3 b6 10. Rc1 Bb7 11. f3 Be7 12. Qd2 O-O 13. b3 Rac8 14. Rfd1 Rfd8 15.
Bd3 Qb8 16. Qf2 Nc5 17. Bb1 Bf8 18. Nde2 Ba8 19. Bg5 Ncd7 20. Qg3 Kh8 21. Qh4
h6 22. Be3 Ne5 23. Qf2 b5 24. cxb5 axb5 25. Bd4 Be7 26. h3 Rd7 27. f4 Nc6 28.
Be3 d5 29. e5 Ne8 30. Ne4 Ba3 31. Rc2 Nb4 32. Rxc8 Qxc8 33. Nd2 Nc2 34. Nd4
Nxe3 35. Qxe3 Bc5 36. N2f3 Rc7 37. Kh2 b4 38. Qd3 g6 39. Qd2 Bf8 40. Qd3 Rc3
41. Qd2 Bb7 42. Ne2 Rc7 43. Rc1 Ba6 44. Rxc7 Nxc7 45. Ned4 Nb5 46. Qc2 Nc3 47.
Qb2 Bc5 48. a4 Bxd4 49. Nxd4 Qc5 50. Nb5 Bxb5 51. axb5 Qe3 52. b6 Ne2 0-1

[Event "Chess Festival Groningen 2018 BC"]
[Site "Groningen, Netherlands"]
[Date "2018.12.27"]
[Round "6"]
[White "Martinez, Sara"]
[Black "Manenschijn, Wouter"]
[Result "1-0"]
[WhiteElo "1583"]
[BlackElo "1798"]
[PlyCount "45"]
[EventDate "2018.12.??"]

1. e4 e5 2. Nf3 Nc6 3. d4 exd4 4. Nxd4 Bc5 5. Be3 Qf6 6. c3 Nge7 7. Bc4 Qg6 8.
O-O a6 9. Nxc6 Qxc6 10. Qh5 d5 11. exd5 Qd6 12. Re1 O-O 13. Nd2 Bf5 14. Bxc5
Qxc5 15. Rxe7 Qxe7 16. Qxf5 Rae8 17. Bd3 g6 18. Qg4 Qd6 19. Ne4 Qb6 20. Qh4 f6
21. d6 Qxb2 22. Rb1 g5 23. Nxf6+ 1-0

[Event "Chess Festival Groningen 2018 BC"]
[Site "Groningen, Netherlands"]
[Date "2018.12.27"]
[Round "6"]
[White "Molanus, Eva"]
[Black "Hassing, Bert"]
[Result "0-1"]
[WhiteElo "1282"]
[BlackElo "1510"]
[PlyCount "42"]
[EventDate "2018.12.??"]

1. d4 d5 2. c4 c6 3. Nf3 Nf6 4. e3 Bf5 5. Nc3 Nbd7 6. Qb3 Qc7 7. cxd5 e6 8.
dxc6 bxc6 9. Be2 Be7 10. O-O O-O 11. Ng5 Rfb8 12. Qd1 h6 13. e4 Bh7 14. Nxh7
Nxh7 15. e5 Rd8 16. Qc2 Rab8 17. Bd3 Nhf8 18. f4 Qb6 19. Ne2 c5 20. Qc3 cxd4
21. Qxd4 Bc5 0-1

[Event "Chess Festival Groningen 2018 BC"]
[Site "Groningen, Netherlands"]
[Date "2018.12.27"]
[Round "6"]
[White "Muller, Kenneth"]
[Black "Sprik, Sander"]
[Result "0-1"]
[WhiteElo "1805"]
[BlackElo "1911"]
[PlyCount "56"]
[EventDate "2018.12.??"]

1. d4 d5 2. Bf4 Nf6 3. e3 c5 4. Nf3 Nc6 5. Nbd2 cxd4 6. exd4 Bf5 7. c3 e6 8.
Qb3 Bd6 9. Be3 Qc7 10. Nh4 Be4 11. Nxe4 dxe4 12. g3 O-O 13. Be2 Nd5 14. Bd2
Rae8 15. Ng2 f5 16. Qc2 Nxd4 17. Qa4 Nxe2 18. Kxe2 a6 19. Rhe1 Qf7 20. Kd1 Qh5+
21. Kc2 Qxh2 22. Rg1 Qh5 23. Nf4 Bxf4 24. gxf4 Qe2 25. Rg3 Rd8 26. Rag1 g6 27.
Kc1 Nb6 28. Qc2 Nc4 0-1

[Event "Chess Festival Groningen 2018 BC"]
[Site "Groningen, Netherlands"]
[Date "2018.12.27"]
[Round "6"]
[White "Rogojina, Alexandru-Andrei"]
[Black "Pompstra, Henk"]
[Result "0-1"]
[WhiteElo "1300"]
[BlackElo "1758"]
[PlyCount "60"]
[EventDate "2018.12.??"]

1. f4 e5 2. fxe5 d6 3. Nf3 g5 4. exd6 Bxd6 5. d3 g4 6. Ng5 f5 7. Qd2 h6 8. Qe3+
Qe7 9. Qd4 Be5 10. Qa4+ Bd7 11. Qb3 hxg5 12. Nd2 Nc6 13. Nc4 Nd4 14. Qxb7 Bc6
15. Qa6 Rh6 16. Nxe5 Qxe5 17. Qc4 Bd5 18. Qa4+ Kf7 19. c3 Ne6 20. h4 Qg3+ 21.
Kd1 Rxh4 22. Rxh4 gxh4 23. e4 fxe4 24. dxe4 Bb7 25. Bd2 Rd8 26. Kc2 Qf2 27. Bd3
Rxd3 28. Qc4 Rxd2+ 29. Kb3 Qb6+ 30. Ka3 Qa6+ 0-1

[Event "Chess Festival Groningen 2018 BC"]
[Site "Groningen, Netherlands"]
[Date "2018.12.27"]
[Round "6"]
[White "Rupert, Casper"]
[Black "De Vries, Emma"]
[Result "1-0"]
[WhiteElo "2055"]
[BlackElo "1919"]
[PlyCount "53"]
[EventDate "2018.12.??"]

1. d4 Nf6 2. Bg5 e6 3. e4 h6 4. Bxf6 Qxf6 5. Nc3 Bb4 6. Qd3 O-O 7. O-O-O c5 8.
dxc5 Qxf2 9. Na4 Bxc5 10. Nxc5 Qxc5 11. Nf3 Nc6 12. Be2 Rd8 13. Qd2 d5 14. exd5
Rxd5 15. Qf4 b5 16. Kb1 e5 17. Qe4 Be6 18. g4 Rc8 19. Bd3 Nb4 20. Qh7+ Kf8 21.
Bf5 Bxf5 22. Qxf5 Rcd8 23. Rxd5 Qxd5 24. b3 e4 25. Ne5 e3 26. Re1 e2 27. Ng6+
1-0

[Event "Chess Festival Groningen 2018 BC"]
[Site "Groningen, Netherlands"]
[Date "2018.12.27"]
[Round "6"]
[White "Turenhout, Ryanne"]
[Black "Molanus, Florian"]
[Result "1-0"]
[WhiteElo "1485"]
[BlackElo "1270"]
[PlyCount "33"]
[EventDate "2018.12.??"]

1. d4 d5 2. Bf4 e6 3. Nf3 c5 4. e3 Nf6 5. Nbd2 Nc6 6. c3 Bd6 7. Bg3 O-O 8. Bd3
Re8 9. Ne5 Qc7 10. Ndf3 Ne4 11. Qc2 Nxg3 12. Bxh7+ Kh8 13. hxg3 Nxe5 14. dxe5
Bxe5 15. Ng5 Bxg3 16. Nxf7+ Qxf7 17. Bg6+ 1-0

[Event "Chess Festival Groningen 2018 BC"]
[Site "Groningen, Netherlands"]
[Date "2018.12.27"]
[Round "6"]
[White "Van Foreest, Nanne"]
[Black "Paans, Johnny"]
[Result "0-1"]
[WhiteElo "1611"]
[BlackElo "1968"]
[PlyCount "30"]
[EventDate "2018.12.??"]

1. e4 c5 2. Nf3 d6 3. d4 cxd4 4. Nxd4 Nf6 5. Nc3 a6 6. Bg5 e6 7. f4 b5 8. a3
Bb7 9. Bd3 Be7 10. O-O Nbd7 11. Qe1 Qb6 12. Bh4 e5 13. Kh1 exd4 14. e5 dxc3 15.
Bf2 Qc6 0-1

[Event "Chess Festival Groningen 2018 BC"]
[Site "Groningen, Netherlands"]
[Date "2018.12.27"]
[Round "6"]
[White "Van Hamond, Fons"]
[Black "Nixdorf, Andre"]
[Result "1-0"]
[WhiteElo "2001"]
[BlackElo "1977"]
[PlyCount "83"]
[EventDate "2018.12.??"]

1. e4 c5 2. Nf3 d6 3. d4 cxd4 4. Nxd4 Nf6 5. f3 a6 6. c4 e5 7. Nc2 Be7 8. Be3
Be6 9. Nc3 O-O 10. Rc1 Nbd7 11. Qd2 Qc7 12. b3 Rfc8 13. Nb4 Qa5 14. Nbd5 Bxd5
15. Nxd5 Qxd2+ 16. Kxd2 Nxd5 17. exd5 Bd8 18. Bd3 g6 19. a4 Ba5+ 20. Ke2 Nc5
21. Rb1 Bb4 22. h4 Rc7 23. h5 Rb8 24. Rh4 Nxd3 25. Kxd3 Bc5 26. hxg6 fxg6 27.
Bxc5 Rxc5 28. b4 Rc7 29. c5 Rd8 30. c6 bxc6 31. Rc4 c5 32. Rbc1 Rcd7 33. Ke4
Rf8 34. bxc5 dxc5 35. Rxc5 Rf4+ 36. Kxe5 Rxa4 37. Ke6 Rf7 38. Rc8+ Kg7 39. R1c7
Rxc7 40. Rxc7+ Kh6 41. d6 Ra2 42. Rc5 1-0

[Event "Chess Festival Groningen 2018 BC"]
[Site "Groningen, Netherlands"]
[Date "2018.12.27"]
[Round "6"]
[White "Van der Hagen, Loek"]
[Black "De Vries, Leon"]
[Result "1-0"]
[WhiteElo "1830"]
[BlackElo "1692"]
[PlyCount "65"]
[EventDate "2018.12.??"]

1. e4 c5 2. Nf3 d6 3. d4 cxd4 4. Nxd4 Nf6 5. Nc3 a6 6. Bg5 e6 7. f4 Qb6 8. Bxf6
gxf6 9. Qd2 Qxb2 10. Rb1 Qa3 11. Be2 Bg7 12. O-O f5 13. Nb3 Qb4 14. Rf3 fxe4
15. Rg3 Bf6 16. Kh1 Nc6 17. a3 Bxc3 18. Rxc3 Qxa3 19. Rxc6 bxc6 20. Qc3 O-O 21.
Ra1 Qxa1+ 22. Nxa1 Bd7 23. Nb3 Rfd8 24. h4 f5 25. h5 Kf7 26. h6 Rg8 27. Qh3 Rg6
28. Bh5 Rag8 29. Bxg6+ Rxg6 30. Qh4 Ke8 31. Na5 c5 32. Nb7 Bc6 33. Qd8+ 1-0

[Event "Chess Festival Groningen 2018 BC"]
[Site "Groningen, Netherlands"]
[Date "2018.12.27"]
[Round "6"]
[White "Waardenburg, Feline"]
[Black "Van Dijk, Dominic"]
[Result "1/2-1/2"]
[WhiteElo "1763"]
[BlackElo "1672"]
[PlyCount "37"]
[EventDate "2018.12.??"]

1. d4 d5 2. c4 e5 3. cxd5 Qxd5 4. Nf3 exd4 5. Qxd4 Nf6 6. Nc3 Qxd4 7. Nxd4 c6
8. e3 Be7 9. Bc4 O-O 10. O-O Nbd7 11. h3 Nb6 12. Bd3 Rd8 13. Rd1 c5 14. Nf5
Bxf5 15. Bxf5 Rxd1+ 16. Nxd1 Rd8 17. Nc3 g6 18. Bc2 Nbd5 19. Nxd5 1/2-1/2

[Event "Chess Festival Groningen 2018 BC"]
[Site "Groningen, Netherlands"]
[Date "2018.12.27"]
[Round "6"]
[White "Waardenburg, Marlinde"]
[Black "Grooten, Tommy"]
[Result "1-0"]
[WhiteElo "1751"]
[BlackElo "1552"]
[PlyCount "59"]
[EventDate "2018.12.??"]

1. e4 c5 2. Nc3 Nc6 3. f4 g6 4. Nf3 Bg7 5. Bc4 e6 6. O-O Nge7 7. d3 O-O 8. Qe1
d5 9. Bb3 Na5 10. Nd1 c4 11. Bd2 Nec6 12. f5 cxb3 13. axb3 b6 14. fxg6 fxg6 15.
e5 Qc7 16. d4 Bd7 17. Qh4 Nb7 18. Nf2 Rf5 19. Ng4 Raf8 20. Ng5 Rxf1+ 21. Rxf1
Rxf1+ 22. Kxf1 h5 23. Nf6+ Bxf6 24. exf6 Ncd8 25. Qf2 Nf7 26. Bf4 Qc6 27. Nf3
Nbd6 28. Qg3 Ne4 29. Qxg6+ Kf8 30. Qg7+ 1-0